000 00427nam a2200157 i 4500
001 bg
100 1 _aJAgodin, G. A.
245 0 _aTechnologija redkich metallov v atomnoj technike /
_cG.A. Jagodin, O.A. Sinergribowa, A.M. Cekmarev.
260 _aMoskva,
_c1974.
700 1 _aSinegribova, O. A.
700 1 _aCekmarev, A. M.
040 _cBPK
041 _apol
942 _cKS
008 s pl f |000 0 pol
999 _c16008
_d16008
856 _uhttp://koha.tu.koszalin.pl/cgi-bin/koha/opac-detail.pl?biblionumber=16008
_yKatalog online BPK